The last brahmin: (Record no. 163164)

MARC details
000 -LEADER
fixed length control field 00754nam a22002177a 4500
005 - DATE AND TIME OF LATEST TRANSACTION
control field 20190330112037.0
010 ## - LCCN (DPL NO)
LC control number ENG-124960
020 ## - INTERNATIONAL STANDARD BOOK NUMBER
Terms of availability 495.00
International Standard Book Number 9788178243641
035 ## - SYSTEM CONTROL NUMBER
System control number EN-108492
037 ## - SOURCE OF ACQUISITION
Source of stock number/acquisition DBAD/PUB
082 ## - DEWEY DECIMAL CLASSIFICATION NUMBER
Classification number 499.558
100 ## - MAIN ENTRY--PERSONAL NAME
Personal name Rani Siva Sankara Sarma
245 ## - TITLE STATEMENT
Title The last brahmin:
Statement of responsibility, etc by Rani Siva Sankara Sarma; translated from the Telugu by D.Vankat Rao
Remainder of title life and reflections of modern-day sanskrit pandit/
250 ## - EDITION STATEMENT
Edition statement 2nd ed.
260 ## - PUBLICATION, DISTRIBUTION, ETC. (IMPRINT)
Place of publication, distribution, etc Ranikhet
Name of publisher, distributor, etc Permanent Black
Date of publication, distribution, etc 2017
270 ## - ADDRESS
Address 'Himalayana', Mall Road,667,Ranikhet Cantt,
City Ranikhet
Postal code 263645
300 ## - PHYSICAL DESCRIPTION
Extent vii,197p.
Dimensions 21cm (pbk)
500 ## - GENERAL NOTE
General note It includes select bibliography
700 ## - ADDED ENTRY--PERSONAL NAME
Personal name Rao, D. Vankat
942 ## - ADDED ENTRY ELEMENTS (KOHA)
Source of classification or shelving scheme Dewey Decimal Classification
Item type English Books
Call number suffix RAN
Classification part 409.558
Holdings
Withdrawn status Lost status Not for loan Collection code Home library Current library Date acquired Source of acquisition Cost, normal purchase price Full call number Barcode Copy number Cost, replacement price Koha item type
    Not For Loan Non-fiction D.B.Act.Division Patel Nagar 30/03/2019 DBAD/PUB 495.00 409.558 RAN EN-108492 1 495.00 English Books

© Delhi Public Library
Hit Counter
free hit counter